00551nas a2200241 4500000000100000008004100001260001700042653001100059653002800070653001100098653001200109653001200121653001300133653002200146653000900168100001300177700001700190700001800207245005200225300001100277490000700288022001400295 1970 d c1970 Jul-Sep10aBiopsy10aDiagnosis, Differential10aHumans10aleprosy10aMethods10aNeuritis10aPeripheral nerves10aSkin1 aEnna C D1 aJacobson R R1 aMansfield R E00aAn evaluation of sural nerve biopsy in leprosy. a278-810 v38 a0148-916X